000 00295nam a22001337a 4500
003 SGT
020 _a978-0-306-44790-7
082 _a530.12
_bSHA
100 _aSHANKAR, R.
245 _aPRINCIPLES OF QUANTUM MECHANICS
260 _aINDIA
_bSPRINGER
_c2014
300 _a676
942 _2ddc
_cBK
999 _c22424
_d22424